Viejos espacios, nuevas historias...: la Patagonia en la historiografía argentina comtemporánea /
Αποθηκεύτηκε σε:
| Κύριος συγγραφέας: | |
|---|---|
| Μορφή: | Κείμενο |
| Ετικέτες: |
Προσθήκη ετικέτας
Δεν υπάρχουν, Καταχωρήστε ετικέτα πρώτοι!
|
MARC
| LEADER | 00000 a a2200000 04500 | ||
|---|---|---|---|
| 001 | 9019 | ||
| 003 | |||
| 040 | |||
| 100 | |a Bandieri, Susana | ||
| 245 | |a Viejos espacios, nuevas historias...: |b la Patagonia en la historiografía argentina comtemporánea / |c Susana Bandieri | ||
| 773 | |g número 203; páginas 203-220 | ||
| 999 | |c 28578 |d 28578 | ||
